| 000 | 00577nam a2200193 a 4500 | ||
|---|---|---|---|
| 005 | 20241023063849.0 | ||
| 008 | 080516s1988 mx r 000 0 spa d | ||
| 020 | _a0262161079 | ||
| 035 | _aUPN01000155934 | ||
| 049 | _aCG | ||
| 050 | 4 |
_aQH371 _bR6.6 |
|
| 245 | 0 | 4 |
_aThe role of behavior in evolution / _ced. by H. C. Plotkin. |
| 260 |
_aCambridge, Massachusetts, EUA : _bMit Press, _c1988. |
||
| 300 |
_aviii, 198 p. : _bgrafs. |
||
| 650 | 4 |
_aEVOLUCION DE LA CONDUCTA _99930 |
|
| 650 | 2 |
_aEvolución (Biología) _912397 |
|
| 700 | 1 |
_aPlotkin, H. C., _eed. |
|
| 905 | _aLibro | ||
| 999 |
_c128048 _d128048 |
||